| 000 | 01253nam a2200337Ia 4500 | ||
|---|---|---|---|
| 001 | ebr10273871 | ||
| 003 | CaPaEBR | ||
| 006 | m u | ||
| 007 | cr cn||||||||| | ||
| 008 | 090211s2009 enk s 000 0 eng d | ||
| 020 | _z0335229158 (hbk.) | ||
| 020 | _z0335229166 (pbk.) | ||
| 020 | _z9780335229154 (hbk.) | ||
| 020 | _z9780335229161 | ||
| 020 | _z9780335229161 (pbk.) | ||
| 040 |
_aCaPaEBR _cCaPaEBR |
||
| 035 | _a(OCoLC)319067413 | ||
| 050 | 1 | 4 |
_aHV6491.G7 _bM55 2009eb |
| 100 | 1 | _aMillie, Andrew. | |
| 245 | 1 | 0 |
_aAnti-social behaviour _h[electronic resource] / _cAndrew Millie. |
| 260 |
_aMaidenhead : _bOpen University Press, _c2009. |
||
| 300 | _axiv, 226 p. | ||
| 533 |
_aElectronic reproduction. _bPalo Alto, Calif. : _cebrary, _d2009. _nAvailable via World Wide Web. _nAccess may be limited to ebrary affiliated libraries. |
||
| 650 | 0 |
_aDisorderly conduct _xPrevention. |
|
| 650 | 0 |
_aDisorderly conduct _zGreat Britain _xPrevention. |
|
| 650 | 0 |
_aDisorderly conduct _zGreat Britain. |
|
| 650 | 0 | _aDisorderly conduct. | |
| 655 | 7 |
_aElectronic books. _2local |
|
| 710 | 2 | _aebrary, Inc. | |
| 856 | 4 | 0 |
_uhttp://site.ebrary.com/lib/rucke/Doc?id=10273871 _zAn electronic book accessible through the World Wide Web; click to view |
| 999 |
_c6430 _d6430 |
||